[Event "Aarhus Chess House IM"]
[Site "Aarhus"]
[Date "2017.02.13"]
[Round "4"]
[White "Bolding, Klaus"]
[Black "Matthiesen, Martin"]
[Result "1/2-1/2"]
[WhiteElo "2307"]
[BlackElo "2329"]
[PlyCount "128"]
[EventDate "2017.02.10"]
[EventType "tourn"]
[EventRounds "9"]
[EventCountry "DEN"]
[EventCategory "4"]
[SourceTitle "CBM 176 Extra"]
[Source "ChessBase"]
[SourceDate "2017.03.02"]
[SourceVersion "1"]
[SourceVersionDate "2017.03.02"]
[SourceQuality "1"]

1. g3 d5 2. Bg2 c5 3. f4 Nc6 4. Nf3 Nf6 5. 0-0 g6 6. d3 Bg7 7. e3 0-0 8. Qe1 b6 9. h3 Ba6 10. Rf2 Qc7 11. e4 dxe4 12. dxe4 e5 13. Nc3 Rae8 14. f5 gxf5 15. Nh4 Nxe4 16. Nd5 Qd8 17. Rxf5 Nd6 18. Bg5 f6 19. Rxf6 Rxf6 20. Nxf6+ Bxf6 21. Bxf6 Qxf6 22. Bxc6 Rf8 23. Rd1 Kh8 24. Bg2 e4 25. Qe3 Bb7 26. Rf1 Qg7 27. Rf4 Rxf4 28. Qxf4 Qe7 29. Qe3 Qe5 30. c3 Kg7 31. Kh2 Bd5 32. Nf3 Qe7 33. b3 a5 34. Nh4 Qf6 35. Qd2 Qe5 36. c4 Be6 37. Qe3 h6 38. Nf3 Qf6 39. Nd2 Bf5 40. Qf4 Bg6 41. Nf1 Qxf4 42. gxf4 e3 43. Nxe3 Bb1 44. Bc6 Bxa2 45. Ba4 Ne4 46. Nd5 Nd2 47. Nxb6 Bxb3 48. Bxb3 Nxb3 49. Kg3 Kg6 50. Kf3 Kf5 51. Ke3 h5 52. Na4 h4 53. Kd3 Kxf4 54. Kc3 Nd4 55. Nxc5 Nc6 56. Ne6+ Kg3 57. Nd4 Ne7 58. c5 Kxh3 59. Nf3 Kg3 60. Nxh4 Kxh4 61. Kc4 Kg5 62. Kb5 Nc6 63. Kxc6 a4 64. Kd7 a3 1/2-1/2

[Event "Illes Medes op 3rd"]
[Site "L'Estartit"]
[Date "2008.12.29"]
[Round "4"]
[White "Bolding, Klaus"]
[Black "Fluvia Poyatos, Jordi"]
[Result "0-1"]
[WhiteElo "2279"]
[BlackElo "2455"]
[PlyCount "54"]
[EventDate "2008.12.27"]
[EventType "swiss"]
[EventRounds "9"]
[EventCountry "ESP"]
[SourceTitle "CBM 128 Extra"]
[Source "ChessBase"]
[SourceDate "2009.03.05"]
[SourceVersion "2"]
[SourceVersionDate "2009.03.25"]
[SourceQuality "1"]

1. e4 c5 2. Nf3 d6 3. d4 cxd4 4. Nxd4 Nf6 5. Nc3 g6 6. Be3 Bg7 7. f3 0-0 8. Qd2 Nc6 9. 0-0-0 d5 10. Kb1 Rb8 11. Qf2 e5 12. Nxc6 bxc6 13. Bxa7 Rb7 14. Qc5 d4 15. Qxe5 Nd7 16. Qxg7+ Kxg7 17. Bxd4+ f6 18. Be3 Qa5 19. Bd2 Nc5 20. Bc4 Be6 21. Bxe6 Nxe6 22. b3 Rd8 23. Be1 Rbd7 24. Rxd7+ Rxd7 25. Kb2 Qg5 26. Bg3 Rd2 27. e5 f5 0-1

[Event "Oberliga NRW 0708"]
[Site "Germany"]
[Date "2008.04.06"]
[Round "8.6"]
[White "Bolding, Klaus"]
[Black "Rott, Georg"]
[Result "0-1"]
[WhiteElo "2310"]
[BlackElo "2220"]
[PlyCount "154"]
[EventDate "2007.09.16"]
[EventType "team-tourn"]
[EventRounds "9"]
[EventCountry "GER"]
[SourceTitle "EXT 2009"]
[Source "ChessBase"]
[SourceDate "2008.11.26"]
[SourceVersion "1"]
[SourceVersionDate "2008.11.26"]
[SourceQuality "1"]
[WhiteTeam "Aachen"]
[BlackTeam "Muenster"]
[WhiteTeamCountry "GER"]
[BlackTeamCountry "GER"]

1. Nf3 d5 2. c4 c6 3. e3 Nf6 4. b3 Bf5 5. Bb2 e6 6. Be2 h6 7. Ne5 Bd6 8. f4 Ne4 9. 0-0 0-0 10. d3 Nf6 11. Nd2 Qb6 12. Rf3 Bc5 13. Nf1 dxc4 14. Nxc4 Qd8 15. Kh1 Na6 16. Ne5 Nd7 17. g4 Nxe5 18. Bxe5 Bg6 19. Qe1 f6 20. Bb2 Nb4 21. Rd1 Qb6 22. f5 Bf7 23. Qh4 e5 24. Rh3 Nd5 25. g5 fxg5 26. Qg3 Rae8 27. Bxe5 Rxe5 28. Qxe5 Re8 29. Qg3 Nf4 30. Bf3 Nxh3 31. Qxh3 Bxe3 32. Ng3 Bd4 33. Ne4 c5 34. Bh5 Rf8 35. Rf1 Bxh5 36. Qxh5 Qc6 37. Qg4 Qa6 38. Qe2 Qc6 39. Kg2 Qd5 40. Qf3 Qc6 41. Kh3 Qd7 42. Kg2 b6 43. Ng3 Be5 44. Qe4 Bf4 45. Rf3 Qf7 46. Qc4 Rd8 47. Qxf7+ Kxf7 48. Ne4 Be5 49. Kh3 Rd4 50. Kg4 Bxh2 51. f6 g6 52. Rh3 Be5 53. Rxh6 Bxf6 54. Rh7+ Bg7 55. Rh3 a5 56. Rf3+ Ke6 57. Kxg5 a4 58. Kxg6 Be5 59. Ng5+ Kd5 60. Nf7 Bf4 61. Kf5 Bc7 62. Ng5 axb3 63. axb3 Rb4 64. Ne4 Rxb3 65. Nf6+ Kd4 66. Ke6 Rxd3 67. Rf1 b5 68. Nd5 Bg3 69. Rf8 b4 70. Rd8 Kc4 71. Nb6+ Kc3 72. Na4+ Kc2 73. Rxd3 Kxd3 74. Nxc5+ Kc4 75. Na4 Bf2 76. Nb2+ Kc3 77. Nd1+ Kc2 0-1

[Event "Marseille op"]
[Site "Marseille"]
[Date "2007.12.28"]
[Round "4"]
[White "Bolding, Klaus"]
[Black "Lamberti, Hugo"]
[Result "0-1"]
[WhiteElo "2310"]
[BlackElo "2070"]
[PlyCount "116"]
[EventDate "2007.12.27"]
[EventType "swiss"]
[EventRounds "9"]
[EventCountry "FRA"]
[SourceTitle "CBM 122 Extra"]
[Source "ChessBase"]
[SourceDate "2008.03.04"]
[SourceVersion "1"]
[SourceVersionDate "2008.03.04"]
[SourceQuality "1"]

1. e4 c5 2. Nf3 Nc6 3. d4 cxd4 4. Nxd4 g6 5. c4 Bg7 6. Be3 Nf6 7. Nc3 Ng4 8. Qxg4 Nxd4 9. Qd1 Ne6 10. Rc1 Qa5 11. Be2 g5 12. 0-0 Qe5 13. Qd5 Nf4 14. Qxe5 Bxe5 15. Rfe1 d6 16. Nd5 Nxd5 17. cxd5 Bxb2 18. Bb5+ Kf8 19. Rc2 Bf6 20. Rc7 a6 21. Ba4 b5 22. Bb3 Kg7 23. e5 dxe5 24. d6 exd6 25. Rxf7+ Kg6 26. h4 gxh4 27. Rd1 Re8 28. Rxd6 Be6 29. Bxe6 Rxe6 30. Rxe6 Kxf7 31. Rb6 Kg6 32. f4 Kf5 33. fxe5 Bxe5 34. Rh6 Bg3 35. Kf1 Re8 36. Bd2 Re6 37. Rxe6 Kxe6 38. Ke2 Ke5 39. Kd3 Bf2 40. Ke2 Bb6 41. Kd3 Kf5 42. Be1 Kg4 43. Ke2 h3 44. gxh3+ Kxh3 45. Kf3 a5 46. a3 Bc5 47. Bxa5 Bxa3 48. Kf2 Kh2 49. Bc7+ Kh1 50. Kg3 Bc5 51. Be5 Kg1 52. Kg4 Kf2 53. Kh3 b4 54. Kh2 b3 55. Bb2 Ke2 56. Kh1 Kd2 57. Kg2 Kc2 58. Bf6 Bb4 0-1

[Event "Marseille op"]
[Site "Marseille"]
[Date "2007.12.27"]
[Round "2"]
[White "Bolding, Klaus"]
[Black "Sanchez, Joseph"]
[Result "0-1"]
[WhiteElo "2310"]
[BlackElo "2496"]
[PlyCount "62"]
[EventDate "2007.12.27"]
[EventType "swiss"]
[EventRounds "9"]
[EventCountry "FRA"]
[SourceTitle "CBM 122 Extra"]
[Source "ChessBase"]
[SourceDate "2008.03.04"]
[SourceVersion "1"]
[SourceVersionDate "2008.03.04"]
[SourceQuality "1"]

1. e4 d5 2. exd5 Nf6 3. d4 Nxd5 4. Nf3 Bf5 5. Be2 e6 6. 0-0 Nc6 7. c4 Ndb4 8. Nc3 Nc2 9. d5 Nxa1 10. Qa4 Bd6 11. dxc6 b6 12. Bg5 f6 13. Bh4 Nc2 14. g4 Bg6 15. a3 e5 16. b4 e4 17. Bd1 exf3 18. Bxc2 0-0 19. Nd5 Qe8 20. c5 Bxc2 21. Qxc2 bxc5 22. Qc4 Kh8 23. bxc5 Qxc6 24. Rc1 Be5 25. Ne7 Qd7 26. Nf5 Rad8 27. Bg3 Rfe8 28. Rf1 Qd3 29. Qa4 Bc3 30. Ne3 Bd2 31. Bxc7 Rxe3 0-1

[Event "FRA-ch Accession"]
[Site "Val d'Isere"]
[Date "2004.08.26"]
[Round "9"]
[White "Prie, Eric"]
[Black "Bolding, Klaus"]
[Result "1-0"]
[WhiteElo "2441"]
[BlackElo "2339"]
[PlyCount "43"]
[EventDate "2004.08.16"]
[EventType "swiss"]
[EventRounds "11"]
[EventCountry "FRA"]
[SourceTitle "CBM 103 Extra"]
[Source "ChessBase"]
[SourceDate "2005.01.01"]
[SourceVersion "1"]
[SourceVersionDate "2005.01.01"]
[SourceQuality "1"]

1. d4 f5 2. Bg5 h6 3. Bh4 g5 4. e4 Bg7 5. Bg3 f4 6. Bxf4 gxf4 7. Qh5+ Kf8 8. Qf5+ Ke8 9. Be2 h5 10. Bxh5+ Rxh5 11. Qxh5+ Kf8 12. Qf5+ Ke8 13. Qg4 Kf8 14. Qxf4+ Ke8 15. Qg5 Kf8 16. Qf5+ Ke8 17. Nf3 d6 18. Qg6+ Kf8 19. Ng5 Nh6 20. Nc3 e6 21. 0-0-0 Nc6 22. Rd3 1-0

[Event "FRA-ch Accession"]
[Site "Val d'Isere"]
[Date "2004.08.21"]
[Round "5"]
[White "Helstroffer, Arnaud"]
[Black "Bolding, Klaus"]
[Result "1/2-1/2"]
[WhiteElo "2192"]
[BlackElo "2339"]
[PlyCount "84"]
[EventDate "2004.08.16"]
[EventType "swiss"]
[EventRounds "11"]
[EventCountry "FRA"]
[SourceTitle "CBM 103 Extra"]
[Source "ChessBase"]
[SourceDate "2005.01.01"]
[SourceVersion "1"]
[SourceVersionDate "2005.01.01"]
[SourceQuality "1"]

1. e4 c5 2. Nf3 d6 3. d4 cxd4 4. Nxd4 Nf6 5. Nc3 Nc6 6. Bg5 e6 7. Qd2 Be7 8. 0-0-0 0-0 9. f3 d5 10. exd5 Nxd5 11. Bxe7 Ncxe7 12. Bc4 Bd7 13. Bxd5 exd5 14. Rhe1 Be6 15. Qg5 Ng6 16. Qxd8 Rfxd8 17. g3 Kf8 18. Re2 Rd7 19. f4 Ne7 20. Red2 Rad8 21. Nf3 Nf5 22. Nd4 Ne7 23. b3 a6 24. Kb2 Rc7 25. Nce2 Bd7 26. Nc1 Rdc8 27. a3 Nf5 28. Nce2 Ne3 29. Rc1 Bg4 30. Ng1 Re7 31. Ngf3 f6 32. Re1 Rce8 33. Kc1 Re4 34. Rde2 Nxc2 35. Rxe4 dxe4 36. Kxc2 Rc8+ 37. Kd2 exf3 38. Rf1 Rd8 39. Ke3 Re8+ 40. Kd3 Rd8 41. Ke3 Re8+ 42. Kd3 Kf7 1/2-1/2

[Event "FRA-chT2 0304a"]
[Site "France"]
[Date "2004.03.14"]
[Round "9.4"]
[White "Armas, Jules"]
[Black "Bolding, Klaus"]
[Result "1/2-1/2"]
[WhiteElo "2375"]
[BlackElo "2305"]
[PlyCount "33"]
[EventDate "2003.10.??"]
[EventType "team"]
[EventRounds "11"]
[EventCountry "FRA"]
[SourceTitle "EXT 2005"]
[Source "ChessBase"]
[SourceDate "2004.11.15"]
[SourceVersion "1"]
[SourceVersionDate "2004.11.15"]
[SourceQuality "1"]
[WhiteTeam "Cannes II"]
[BlackTeam "Lyon Olympique"]
[WhiteTeamCountry "FRA"]
[BlackTeamCountry "FRA"]

1. e4 c5 2. Nf3 d6 3. g3 Nf6 4. d3 g6 5. Bg2 Bg7 6. 0-0 0-0 7. Qe2 Nc6 8. c3 e5 9. b3 b6 10. Na3 Bb7 11. Nc4 Re8 12. Bg5 h6 13. Bxf6 Bxf6 14. Ne3 Bg7 15. Nd5 Ne7 16. Nxe7+ Qxe7 17. c4 1/2-1/2

[Event "Calvi Balagne op 01st"]
[Site "Calvi"]
[Date "2004.??.??"]
[Round "9"]
[White "Bolding, Klaus"]
[Black "Weil, Dany"]
[Result "1-0"]
[WhiteElo "2305"]
[BlackElo "2040"]
[PlyCount "47"]
[EventDate "2004.02.21"]
[EventType "swiss"]
[EventRounds "9"]
[EventCountry "FRA"]
[SourceTitle "CBM 098 Extra"]
[Source "ChessBase"]
[SourceDate "2004.03.10"]
[SourceVersion "2"]
[SourceVersionDate "2004.03.10"]
[SourceQuality "1"]

1. e4 e6 2. d4 d5 3. Nc3 Bb4 4. Nge2 Nf6 5. e5 Ne4 6. a3 Nxc3 7. Nxc3 Bxc3+ 8. bxc3 Qd7 9. Qg4 f5 10. exf6 gxf6 11. Qh4 Qf7 12. Be2 Ke7 13. a4 Qg6 14. Bd3 Qxg2 15. Ba3+ Kf7 16. Qh5+ Kg7 17. Ke2 e5 18. Rhg1 Bg4+ 19. Qxg4+ Qxg4+ 20. Rxg4+ Kf7 21. Bf5 h5 22. Rg3 h4 23. Rg4 Nc6 24. Rag1 1-0

[Event "Calvi Balagne op 01st"]
[Site "Calvi"]
[Date "2004.??.??"]
[Round "8"]
[White "Kazakov, Mikhail"]
[Black "Bolding, Klaus"]
[Result "1-0"]
[WhiteElo "2462"]
[BlackElo "2305"]
[PlyCount "119"]
[EventDate "2004.02.21"]
[EventType "swiss"]
[EventRounds "9"]
[EventCountry "FRA"]
[SourceTitle "CBM 098 Extra"]
[Source "ChessBase"]
[SourceDate "2004.03.10"]
[SourceVersion "2"]
[SourceVersionDate "2004.03.10"]
[SourceQuality "1"]

1. e4 c5 2. Nf3 d6 3. d4 cxd4 4. Nxd4 Nf6 5. Nc3 Nc6 6. Bc4 e6 7. Bb3 a6 8. Be3 Be7 9. f4 0-0 10. Qf3 Na5 11. 0-0-0 Nxb3+ 12. axb3 Qc7 13. g4 d5 14. exd5 Nxd5 15. Nxd5 exd5 16. f5 Bd7 17. Kb1 a5 18. Qxd5 Rfd8 19. Qc4 Qe5 20. Rhe1 b5 21. Nc6 Bxc6 22. Qxc6 Rdc8 23. Qd5 Qc7 24. c3 a4 25. Bb6 Qxb6 26. Rxe7 Qf6 27. Rde1 h6 28. Qxb5 a3 29. Re8+ Kh7 30. Rxc8 Rxc8 31. Rc1 Qe7 32. Qd3 Kh8 33. b4 axb2 34. Kxb2 Rd8 35. Qc4 Qd7 36. Rc2 Qa7 37. Qa2 Qd7 38. h4 Qb7 39. g5 Ra8 40. Qb3 Qh1 41. Rc1 Qxh4 42. gxh6 Qf2+ 43. Qc2 Qa7 44. hxg7+ Kg8 45. Qb3 Qf2+ 46. Rc2 Qa7 47. Rc1 Qf2+ 48. Qc2 Qa7 49. Qb1 Qf2+ 50. Kb3 Qg2 51. Qc2 Qc6 52. Kb2 Qa6 53. Qb1 Qe2+ 54. Rc2 Qa6 55. Rh2 Qa3+ 56. Kc2 Qa2+ 57. Qb2 Kxg7 58. Kc1 Qa6 59. Qg2+ Kf8 60. Rh8+ 1-0

[Event "Marseille op"]
[Site "Marseille"]
[Date "2003.12.29"]
[Round "5"]
[White "Bolding, Klaus"]
[Black "Moncamp, Gilles"]
[Result "1/2-1/2"]
[WhiteElo "2305"]
[BlackElo "2245"]
[PlyCount "47"]
[EventDate "2003.12.26"]
[EventType "swiss"]
[EventRounds "9"]
[EventCountry "FRA"]
[SourceTitle "CBM 097 Extra"]
[Source "ChessBase"]
[SourceDate "2004.01.13"]
[SourceVersion "1"]
[SourceVersionDate "2004.01.13"]
[SourceQuality "1"]

1. e4 e5 2. f4 exf4 3. Be2 d6 4. d4 g5 5. h4 Bg7 6. g3 fxg3 7. hxg5 c5 8. Qd3 Bxd4 9. Qxg3 Qe7 10. Nf3 Nc6 11. Nc3 Bxc3+ 12. bxc3 Qxe4 13. Qxd6 Nge7 14. Qxc5 Bg4 15. Qe3 Bf5 16. Bd3 Qxe3+ 17. Bxe3 0-0 18. 0-0-0 Rfd8 19. Nd4 Bg6 20. Rh2 Ne5 21. Bxg6 N7xg6 22. Bd2 Rd7 23. Rdh1 Nf8 24. Re2 1/2-1/2

[Event "Marseille op"]
[Site "Marseille"]
[Date "2003.12.27"]
[Round "2"]
[White "Delaplace, Thomas"]
[Black "Bolding, Klaus"]
[Result "0-1"]
[WhiteElo "1950"]
[BlackElo "2305"]
[PlyCount "76"]
[EventDate "2003.12.26"]
[EventType "swiss"]
[EventRounds "9"]
[EventCountry "FRA"]
[SourceTitle "CBM 097 Extra"]
[Source "ChessBase"]
[SourceDate "2004.01.13"]
[SourceVersion "1"]
[SourceVersionDate "2004.01.13"]
[SourceQuality "1"]

1. e4 c5 2. Nf3 d6 3. d4 cxd4 4. Nxd4 Nf6 5. Nc3 Nc6 6. Bc4 e6 7. Bb3 a6 8. Be3 Qc7 9. 0-0 Be7 10. Qe2 0-0 11. Kh1 b5 12. a3 Bb7 13. f4 Na5 14. Bxe6 fxe6 15. Nxe6 Qc4 16. Nxf8 Rxf8 17. Rae1 Nxe4 18. Bb6 Qxe2 19. Rxe2 Nxc3 20. bxc3 Nc6 21. Kg1 d5 22. Rd1 Bxa3 23. Rxd5 a5 24. Rd7 Ba8 25. Re6 a4 26. Bd4 Rc8 27. Rxg7+ Kf8 28. Rf6+ Ke8 29. Rg8+ Kd7 30. Rf7+ Ne7 31. Rxc8 Kxc8 32. f5 Bd5 33. Rxh7 Nxf5 34. Bf6 Bc5+ 35. Kf1 Bc4+ 36. Ke1 a3 37. g4 a2 38. Rh8+ Kb7 0-1

[Event "FRA-chT2 0304a"]
[Site "France"]
[Date "2003.11.15"]
[Round "2.3"]
[White "Heinis, Vincent"]
[Black "Bolding, Klaus"]
[Result "0-1"]
[WhiteElo "2202"]
[BlackElo "2305"]
[PlyCount "36"]
[EventDate "2003.10.??"]
[EventType "team"]
[EventRounds "11"]
[EventCountry "FRA"]
[SourceTitle "EXT 2005"]
[Source "ChessBase"]
[SourceDate "2004.11.15"]
[SourceVersion "1"]
[SourceVersionDate "2004.11.15"]
[SourceQuality "1"]
[WhiteTeam "Toulouse"]
[BlackTeam "Lyon Olympique"]
[WhiteTeamCountry "FRA"]
[BlackTeamCountry "FRA"]

1. d4 e6 2. c4 b6 3. Nc3 Bb7 4. Nf3 f5 5. e3 Nf6 6. Bd3 Bb4 7. Qc2 0-0 8. Bd2 a5 9. h4 c5 10. d5 Na6 11. dxe6 dxe6 12. a3 Ng4 13. Ke2 Qe8 14. h5 Rd8 15. Rad1 Rf7 16. Ng5 Bxg2 17. Rh4 Ne5 18. Nxf7 Qxf7 0-1

[Event "FRA-ch Accession"]
[Site "Aix les Bains"]
[Date "2003.08.23"]
[Round "7"]
[White "Djalal, Boris"]
[Black "Bolding, Klaus"]
[Result "1-0"]
[WhiteElo "2200"]
[BlackElo "2303"]
[PlyCount "96"]
[EventDate "2003.08.19"]
[EventType "swiss"]
[EventRounds "11"]
[EventCountry "FRA"]
[SourceTitle "EXT 2004"]
[Source "ChessBase"]
[SourceDate "2003.11.25"]
[SourceVersion "1"]
[SourceVersionDate "2003.11.25"]
[SourceQuality "1"]

1. e4 c5 2. Nf3 d6 3. d4 cxd4 4. Nxd4 Nf6 5. Nc3 Nc6 6. Bg5 e6 7. Qd2 Be7 8. 0-0-0 0-0 9. f4 Nxd4 10. Qxd4 Qa5 11. Bc4 Bd7 12. e5 dxe5 13. fxe5 Bc6 14. Bd2 Nd7 15. Nd5 Qd8 16. Nxe7+ Qxe7 17. Rhe1 Rfd8 18. Qg4 Nb6 19. Bf1 a5 20. h4 Ba4 21. b3 Bc6 22. h5 Nd5 23. h6 g6 24. Qg5 Qa3+ 25. Kb1 b5 26. Qh4 Rdc8 27. Qd4 Qe7 28. g3 Rd8 29. Qb2 Rd7 30. Bg2 Rad8 31. Qc1 Qc5 32. Bxd5 Bxd5 33. Be3 Qc6 34. Bg5 Rc8 35. Qb2 a4 36. Rc1 Be4 37. Re2 axb3 38. axb3 b4 39. Rce1 Bf5 40. Rf2 Rdc7 41. Ree2 Ra7 42. Re1 Rca8 43. Rd2 Qa6 44. Rd8+ Rxd8 45. Bxd8 Rd7 46. Bg5 Qc8 47. Rf1 Rd5 48. Qa2 Be4 1-0

[Event "FRA-ch Accession"]
[Site "Aix les Bains"]
[Date "2003.08.21"]
[Round "3"]
[White "Marcelin, Cyril"]
[Black "Bolding, Klaus"]
[Result "1/2-1/2"]
[WhiteElo "2503"]
[BlackElo "2303"]
[PlyCount "41"]
[EventDate "2003.08.19"]
[EventType "swiss"]
[EventRounds "11"]
[EventCountry "FRA"]
[SourceTitle "EXT 2004"]
[Source "ChessBase"]
[SourceDate "2003.11.25"]
[SourceVersion "1"]
[SourceVersionDate "2003.11.25"]
[SourceQuality "1"]

1. d4 e6 2. c4 b6 3. a3 f5 4. Nc3 Bb7 5. d5 Nf6 6. g3 Bd6 7. Bg2 Be5 8. Qc2 0-0 9. Nh3 Na6 10. 0-0 Nc5 11. Rd1 Qe7 12. Be3 c6 13. dxe6 dxe6 14. Bf4 Bxf4 15. Nxf4 e5 16. Nd3 Nce4 17. b4 Rae8 18. c5 Nxc3 19. Qxc3 e4 20. Nc1 Nd5 21. Qc4 1/2-1/2

[Event "Grenoble Masters 2nd"]
[Site "Grenoble"]
[Date "2003.06.25"]
[Round "7"]
[White "Bolding, Klaus"]
[Black "Foisor, Cristina Adela B"]
[Result "1/2-1/2"]
[WhiteElo "2309"]
[BlackElo "2395"]
[PlyCount "51"]
[EventDate "2003.06.21"]
[EventType "tourn"]
[EventRounds "9"]
[EventCountry "FRA"]
[EventCategory "3"]
[SourceTitle "CBM 094 Extra"]
[Source "ChessBase"]
[SourceDate "2003.07.09"]
[SourceVersion "2"]
[SourceVersionDate "2003.07.09"]
[SourceQuality "1"]

1. e4 c6 2. d4 g6 3. Nc3 d5 4. Nf3 Bg7 5. h3 Nh6 6. Bd3 f6 7. 0-0 0-0 8. Re1 Nf7 9. Bf4 e5 10. Bg3 f5 11. exf5 e4 12. fxg6 hxg6 13. Nxe4 dxe4 14. Bxe4 Bf5 15. c3 Nd7 16. Qb3 Bxe4 17. Rxe4 Nf6 18. Re2 Qb6 19. Qc2 Rae8 20. Rae1 Rxe2 21. Rxe2 Re8 22. Rxe8+ Nxe8 23. Qxg6 c5 24. Qxb6 axb6 25. dxc5 bxc5 26. a4 1/2-1/2

[Event "Grenoble Masters 2nd"]
[Site "Grenoble"]
[Date "2003.06.22"]
[Round "2"]
[White "Safranska, Anda"]
[Black "Bolding, Klaus"]
[Result "1/2-1/2"]
[WhiteElo "2337"]
[BlackElo "2309"]
[PlyCount "85"]
[EventDate "2003.06.21"]
[EventType "tourn"]
[EventRounds "9"]
[EventCountry "FRA"]
[EventCategory "3"]
[SourceTitle "CBM 094 Extra"]
[Source "ChessBase"]
[SourceDate "2003.07.09"]
[SourceVersion "2"]
[SourceVersionDate "2003.07.09"]
[SourceQuality "1"]

1. e4 c5 2. Nf3 d6 3. Bc4 Nc6 4. c3 Nf6 5. d3 g6 6. 0-0 Bg7 7. Bb3 0-0 8. Re1 e5 9. Nbd2 h6 10. Nf1 d5 11. Ng3 b6 12. Ba4 Bb7 13. Bxc6 Bxc6 14. Nxe5 Bb7 15. Ng4 Nxg4 16. Qxg4 Re8 17. e5 h5 18. Qf4 d4 19. c4 Qc7 20. e6 Qxf4 21. Bxf4 Rxe6 22. Rxe6 fxe6 23. Re1 Kf7 24. Ne4 Bxe4 25. Rxe4 Rc8 26. b3 a6 27. Re2 b5 28. f3 Rc6 29. Rc2 b4 30. a3 Rb6 31. axb4 Rxb4 32. Rb2 e5 33. Bd2 Rb7 34. Kf2 Bf8 35. Ke2 Ke6 36. Kd1 Be7 37. Kc2 g5 38. Ra2 Rb6 39. h3 g4 40. hxg4 hxg4 41. Ra1 gxf3 42. gxf3 Kd7 43. f4 1/2-1/2

[Event "Lyon Rhone op"]
[Site "Lyon"]
[Date "2003.04.28"]
[Round "3"]
[White "Burdet, Francois"]
[Black "Bolding, Klaus"]
[Result "0-1"]
[WhiteElo "2083"]
[BlackElo "2309"]
[PlyCount "86"]
[EventDate "2003.04.26"]
[EventType "swiss"]
[EventRounds "9"]
[EventCountry "FRA"]
[SourceTitle "EXT 2004"]
[Source "ChessBase"]
[SourceDate "2003.11.25"]
[SourceVersion "1"]
[SourceVersionDate "2003.11.25"]
[SourceQuality "1"]

1. e4 c5 2. d3 e6 3. Nf3 d5 4. Nbd2 Nc6 5. c3 Bd6 6. exd5 exd5 7. d4 cxd4 8. Nxd4 Nxd4 9. cxd4 Nf6 10. Bb5+ Bd7 11. Qe2+ Qe7 12. 0-0 Qxe2 13. Bxe2 0-0 14. Nb3 Rfe8 15. Bd3 b6 16. f3 a5 17. Bd2 Nh5 18. g3 g6 19. a4 Ng7 20. Rfe1 Rxe1+ 21. Bxe1 Rc8 22. g4 h5 23. h3 hxg4 24. hxg4 Ne6 25. Bc3 Kg7 26. Nd2 Rh8 27. Ne4 Bh2+ 28. Kf2 Nf4 29. Nc5 bxc5 30. dxc5+ f6 31. Bb5 Bxb5 32. axb5 Nd3+ 33. Ke3 Nxc5 34. g5 Re8+ 35. Kf2 Be5 36. gxf6+ Kxf6 37. Rxa5 d4 38. f4 Nd3+ 39. Kf3 dxc3 40. bxc3 Bxc3 41. Ra6+ Kf5 42. Rc6 Bd4 43. Rc7 Re3+ 0-1

[Event "FRA-chT2O 0203"]
[Site "France"]
[Date "2003.04.05"]
[Round "10.3"]
[White "Bessieres, Christophe"]
[Black "Bolding, Klaus"]
[Result "0-1"]
[WhiteElo "2078"]
[BlackElo "2373"]
[PlyCount "56"]
[EventDate "2002.10.??"]
[EventType "team"]
[EventRounds "11"]
[EventCountry "FRA"]
[SourceTitle "EXT 2004"]
[Source "ChessBase"]
[SourceDate "2003.11.25"]
[SourceVersion "1"]
[SourceVersionDate "2003.11.25"]
[SourceQuality "1"]
[WhiteTeam "Metz Fischer"]
[BlackTeam "Lyon Olympique"]
[WhiteTeamCountry "FRA"]
[BlackTeamCountry "FRA"]

1. d4 f5 2. Nf3 Nf6 3. c4 e6 4. Nc3 Be7 5. Qd3 0-0 6. e4 fxe4 7. Nxe4 Nxe4 8. Qxe4 Bb4+ 9. Bd2 Bxd2+ 10. Nxd2 d5 11. Qe3 c5 12. dxc5 Qf6 13. Rb1 Nc6 14. Be2 Bd7 15. 0-0 Be8 16. cxd5 exd5 17. Bf3 Rd8 18. b4 Bg6 19. Rb3 Rfe8 20. Qc3 Nd4 21. Ra3 a6 22. Kh1 Nxf3 23. Qxf6 Nxd2 24. Qxd8 Rxd8 25. Rd1 Nc4 26. Rc3 Ne5 27. a4 d4 28. Ra3 Bc2 0-1

[Event "FRA-chT2O 0203"]
[Site "France"]
[Date "2003.02.02"]
[Round "7.4"]
[White "Roos, Louis"]
[Black "Bolding, Klaus"]
[Result "1/2-1/2"]
[WhiteElo "2334"]
[BlackElo "2373"]
[PlyCount "115"]
[EventDate "2002.10.??"]
[EventType "team"]
[EventRounds "11"]
[EventCountry "FRA"]
[SourceTitle "EXT 2004"]
[Source "ChessBase"]
[SourceDate "2003.11.25"]
[SourceVersion "1"]
[SourceVersionDate "2003.11.25"]
[SourceQuality "1"]
[WhiteTeam "Strasbourg"]
[BlackTeam "Lyon Olympique"]
[WhiteTeamCountry "FRA"]
[BlackTeamCountry "FRA"]

1. c4 f5 2. Nc3 Nf6 3. g3 e5 4. Bg2 g6 5. e3 Bg7 6. Nge2 0-0 7. 0-0 d6 8. d4 Kh8 9. b3 Nc6 10. dxe5 dxe5 11. Ba3 Re8 12. Qxd8 Rxd8 13. Nd5 Ne8 14. Rad1 Be6 15. Ne7 Rxd1 16. Rxd1 Rd8 17. Rxd8 Nxd8 18. e4 Nd6 19. Bxd6 cxd6 20. exf5 gxf5 21. Bh3 Bf8 22. Nxf5 Nc6 23. Kg2 Nb4 24. Nc3 d5 25. cxd5 Nxd5 26. Nxd5 Bxd5+ 27. f3 Bc5 28. Nh4 e4 29. Bg4 b5 30. Kf1 a5 31. fxe4 Bxe4 32. Bf5 Bd5 33. Bc2 Kg7 34. Ke2 a4 35. Nf5+ Kf6 36. Ne3 Bg8 37. Ng4+ Kg5 38. Nf2 Bd5 39. h4+ Kf6 40. Ng4+ Kg7 41. Ne3 Be6 42. Kf3 h6 43. Ke4 Bd6 44. bxa4 bxa4 45. Bxa4 Bxg3 46. Bb3 Bxb3 47. axb3 Kg6 48. Ng2 Kh5 49. b4 Bd6 50. b5 Bb8 51. Kf5 Bc7 52. Ke6 Kg4 53. Kd7 Bb6 54. Kc6 Bf2 55. b6 Bxb6 56. Kxb6 Kg3 57. Ne3 Kxh4 58. Nf5+ 1/2-1/2

[Event "FRA-chT2O 0203"]
[Site "France"]
[Date "2002.12.08"]
[Round "4.2"]
[White "Naudier, Serge"]
[Black "Bolding, Klaus"]
[Result "1/2-1/2"]
[WhiteElo "2300"]
[BlackElo "2373"]
[PlyCount "41"]
[EventDate "2002.10.??"]
[EventType "team"]
[EventRounds "11"]
[EventCountry "FRA"]
[SourceTitle "EXT 2004"]
[Source "ChessBase"]
[SourceDate "2003.11.25"]
[SourceVersion "1"]
[SourceVersionDate "2003.11.25"]
[SourceQuality "1"]
[WhiteTeam "Besancon"]
[BlackTeam "Lyon Olympique"]
[WhiteTeamCountry "FRA"]
[BlackTeamCountry "FRA"]

1. e4 c5 2. Nf3 d6 3. d4 cxd4 4. Nxd4 Nf6 5. Nc3 Nc6 6. Be3 e5 7. Nf3 Be7 8. Bc4 0-0 9. Qe2 Na5 10. Bb3 Nxb3 11. axb3 a6 12. 0-0 h6 13. h3 Bd7 14. Rfd1 Qc7 15. Nh4 Rfd8 16. Qf3 b5 17. Rac1 b4 18. Na4 Rab8 19. Nf5 Bxf5 20. Qxf5 Qc6 21. Re1 1/2-1/2